[Event "Mostoles op 6th"]
[Site "Mostoles"]
[Date "2013.07.21"]
[Round "6"]
[White "Sanchez Naranjo, Jose Manuel"]
[Black "Aguado Rodriguez, Guillermo"]
[Result "1-0"]
[WhiteElo "2117"]
[BlackElo "1824"]
[PlyCount "103"]
[EventDate "2013.07.16"]
[EventType "swiss"]
[EventRounds "9"]
[EventCountry "ESP"]
[SourceTitle "EXT 2014"]
[Source "ChessBase"]
[SourceDate "2013.11.20"]
[SourceVersion "1"]
[SourceVersionDate "2013.11.20"]
[SourceQuality "1"]

1. e4 c6 2. d4 d5 3. exd5 cxd5 4. c4 e6 5. Nc3 Nf6 6. Nf3 Nc6 7. Bd3 dxc4 8. Bxc4 Be7 9. 0-0 0-0 10. Be3 Nd5 11. Bd3 Ncb4 12. Bb1 Nxe3 13. fxe3 Nd5 14. Qd3 g6 15. Ne5 f5 16. a3 Bd6 17. Ba2 Bxe5 18. dxe5 Nxc3 19. Qxc3 Bd7 20. Rad1 Qc8 21. Qxc8 Bxc8 22. Rd6 Kf7 23. Rfd1 Ke7 24. Rc1 Rd8 25. Rc7+ Rd7 26. Rxe6+ Kd8 27. Rxd7+ Bxd7 28. Rf6 Be8 29. Rd6+ Kc7 30. Kf2 Rd8 31. Rxd8 Kxd8 32. Bd5 b6 33. h4 Ke7 34. Kf3 Bd7 35. Kf4 h6 36. e4 a5 37. exf5 Bxf5 38. g4 Bd7 39. g5 h5 40. Ke3 Be8 41. Kd4 Kd8 42. e6 Ke7 43. Ke5 Bb5 44. Be4 Bc4 45. Bxg6 Bxe6 46. Bxh5 Bb3 47. Bg4 b5 48. h5 b4 49. axb4 axb4 50. g6 Kf8 51. Kf6 Bc2 52. Be6 1-0

[Event "Madrid Chamartin op 1st"]
[Site "Madrid"]
[Date "2012.09.13"]
[Round "6"]
[White "Martin Garcia, Francisco Javier"]
[Black "Aguado Rodriguez, Guillermo"]
[Result "1-0"]
[WhiteElo "1609"]
[BlackElo "1881"]
[PlyCount "25"]
[EventDate "2012.09.09"]
[EventType "swiss"]
[EventRounds "9"]
[EventCountry "ESP"]
[SourceTitle "CBM 150 Extra"]
[Source "ChessBase"]
[SourceDate "2012.10.19"]
[SourceVersion "1"]
[SourceVersionDate "2012.10.19"]
[SourceQuality "1"]

1. e4 e6 2. d4 d5 3. Nd2 c5 4. c3 Nc6 5. Ngf3 cxd4 6. cxd4 Qb6 7. Bd3 Bd7 8. 0-0 dxe4 9. Nxe4 0-0-0 10. Be3 Qa5 11. Qe2 Kb8 12. Rac1 Nb4 13. Bf4+ 1-0

[Event "Madrid Chamartin op 1st"]
[Site "Madrid"]
[Date "2012.09.10"]
[Round "2"]
[White "Aguado Rodriguez, Guillermo"]
[Black "Matesanz Bonastre, Rafael"]
[Result "1/2-1/2"]
[WhiteElo "1881"]
[BlackElo "1631"]
[PlyCount "34"]
[EventDate "2012.09.09"]
[EventType "swiss"]
[EventRounds "9"]
[EventCountry "ESP"]
[SourceTitle "CBM 150 Extra"]
[Source "ChessBase"]
[SourceDate "2012.10.19"]
[SourceVersion "1"]
[SourceVersionDate "2012.10.19"]
[SourceQuality "1"]

1. d4 d5 2. Nf3 Nf6 3. Bf4 e6 4. e3 Be7 5. h3 0-0 6. Nbd2 Nbd7 7. Bd3 c5 8. c3 c4 9. Be2 b5 10. a3 Qb6 11. Qc2 Bb7 12. 0-0 a5 13. b3 Bd6 14. Ne5 Qc7 15. Nxd7 Qxd7 16. Bxd6 Qxd6 17. bxc4 bxc4 1/2-1/2

[Event "Mostoles op 5th"]
[Site "Mostoles"]
[Date "2012.07.23"]
[Round "5"]
[White "Sotoca Aguado, Jose"]
[Black "Aguado Rodriguez, Guillermo"]
[Result "1-0"]
[WhiteElo "1992"]
[BlackElo "1861"]
[PlyCount "51"]
[EventDate "2012.07.19"]
[EventType "swiss"]
[EventRounds "9"]
[EventCountry "ESP"]
[SourceTitle "EXT 2013"]
[Source "ChessBase"]
[SourceDate "2012.11.22"]
[SourceVersion "1"]
[SourceVersionDate "2012.11.22"]
[SourceQuality "1"]

1. e4 e5 2. Nf3 Nc6 3. Bb5 Nf6 4. 0-0 Nxe4 5. Re1 Nd6 6. Bxc6 dxc6 7. Nxe5 Be7 8. d4 0-0 9. Bf4 Be6 10. Nd2 Bf6 11. c3 g5 12. Bg3 Nf5 13. Ne4 Nxg3 14. Nxg3 c5 15. dxc5 Qe7 16. Qf3 c6 17. Ng4 Bxg4 18. Qxg4 Qxc5 19. Ne4 Qe5 20. h4 Bg7 21. Nxg5 Qb5 22. Qe4 f5 23. Qe6+ Kh8 24. Nf7+ Rxf7 25. Qxf7 Qxb2 26. Re8+ 1-0

[Event "Madrid Oliver Gonzalez Memorial 1st"]
[Site "Madrid"]
[Date "2010.10.17"]
[Round "9"]
[White "Vargas Huamani, Juan Carlos"]
[Black "Aguado Rodriguez, Guillermo"]
[Result "1-0"]
[WhiteElo "2013"]
[BlackElo "1845"]
[PlyCount "73"]
[EventDate "2010.10.09"]
[EventType "swiss"]
[EventRounds "9"]
[EventCountry "ESP"]
[SourceTitle "CBM 138 Extra"]
[Source "ChessBase"]
[SourceDate "2010.10.29"]
[SourceVersion "1"]
[SourceVersionDate "2010.10.29"]
[SourceQuality "1"]

1. e4 e5 2. Nf3 Nc6 3. d4 exd4 4. Nxd4 Bc5 5. Be3 Bb6 6. Nc3 Nge7 7. Bc4 0-0 8. 0-0 d6 9. Na4 Bxd4 10. Bxd4 Nxd4 11. Qxd4 Be6 12. Be2 f5 13. f3 Nc6 14. Qd2 Qf6 15. Rad1 Rad8 16. c4 a5 17. Nc3 Qf7 18. Nd5 b6 19. b3 f4 20. Bd3 Ne5 21. Bb1 g5 22. Rde1 h5 23. Bc2 h4 24. h3 Qg7 25. Bd1 Bxd5 26. cxd5 Nd7 27. Be2 Nc5 28. Qc2 Qd4+ 29. Kh1 a4 30. Bc4 axb3 31. axb3 Ra8 32. e5 b5 33. Qg6+ Kh8 34. Qh6+ Kg8 35. Qxg5+ Kf7 36. e6+ Ke8 37. Bxb5+ 1-0

[Event "Madrid Oliver Gonzalez Memorial 1st"]
[Site "Madrid"]
[Date "2010.10.15"]
[Round "7"]
[White "Martin Rodriguez, Jose Luis"]
[Black "Aguado Rodriguez, Guillermo"]
[Result "0-1"]
[WhiteElo "1519"]
[BlackElo "1845"]
[PlyCount "58"]
[EventDate "2010.10.09"]
[EventType "swiss"]
[EventRounds "9"]
[EventCountry "ESP"]
[SourceTitle "CBM 138 Extra"]
[Source "ChessBase"]
[SourceDate "2010.10.29"]
[SourceVersion "1"]
[SourceVersionDate "2010.10.29"]
[SourceQuality "1"]

1. e4 e5 2. Nf3 Nc6 3. d4 exd4 4. Nxd4 Bc5 5. Nb3 Bb6 6. a4 a5 7. Qe2 Nge7 8. Be3 Bxe3 9. Qxe3 0-0 10. Qg5 d5 11. Bd3 Nb4 12. Nc3 Nxd3+ 13. cxd3 h6 14. Qh4 b6 15. 0-0 Ba6 16. Rfd1 Re8 17. Rac1 d4 18. Ne2 c5 19. Ng3 Qd7 20. Nh5 Qxa4 21. Qg3 Ng6 22. f4 Qxb3 23. f5 Re5 24. Rf1 Qxd3 25. Rf3 Qd2 26. Rcf1 Bxf1 27. Rf2 Qg5 28. Qxg5 hxg5 29. fxg6 fxg6 0-1

[Event "Madrid Oliver Gonzalez Memorial 1st"]
[Site "Madrid"]
[Date "2010.10.10"]
[Round "2"]
[White "Aguado Rodriguez, Guillermo"]
[Black "Nunez Gutierrez, Juan Carlos"]
[Result "1/2-1/2"]
[WhiteElo "1845"]
[BlackElo "2079"]
[PlyCount "72"]
[EventDate "2010.10.09"]
[EventType "swiss"]
[EventRounds "9"]
[EventCountry "ESP"]
[SourceTitle "CBM 138 Extra"]
[Source "ChessBase"]
[SourceDate "2010.10.29"]
[SourceVersion "1"]
[SourceVersionDate "2010.10.29"]
[SourceQuality "1"]

1. e4 e5 2. Nf3 Nf6 3. Bc4 Nc6 4. Ng5 d5 5. exd5 Na5 6. Bb5+ c6 7. dxc6 bxc6 8. Be2 h6 9. Nf3 e4 10. Ne5 Qd4 11. Ng4 Bxg4 12. Bxg4 e3 13. f3 h5 14. Bf5 Qe5 15. Bd3 exd2+ 16. Kxd2 Qg5+ 17. Ke1 Qxg2 18. Qe2+ Qxe2+ 19. Kxe2 Bd6 20. Nc3 Nb7 21. Ne4 Nxe4 22. Bxe4 Kd7 23. Be3 Rhe8 24. Rad1 g6 25. Kf2 Kc7 26. Bd3 Re7 27. Rhe1 Rae8 28. Bxa7 c5 29. Rxe7+ Bxe7 30. b4 Ra8 31. Bxc5 Nxc5 32. bxc5 Rxa2 33. Rb1 Bxc5+ 34. Kg2 Ra4 35. Be4 Kd6 36. Rb7 Ra7 1/2-1/2

[Event "Madrid-chT Honor"]
[Site "Madrid"]
[Date "2009.12.20"]
[Round "4"]
[White "Aguado Rodriguez, Guillermo"]
[Black "Vazquez Torres, Adrian"]
[Result "0-1"]
[WhiteElo "1850"]
[BlackElo "2144"]
[PlyCount "68"]
[EventDate "2009.11.22"]
[EventType "team-tourn"]
[EventRounds "13"]
[EventCountry "ESP"]
[SourceTitle "EXT 2011"]
[Source "ChessBase"]
[SourceDate "2010.11.26"]
[SourceVersion "1"]
[SourceVersionDate "2010.11.26"]
[SourceQuality "1"]

1. e4 c5 2. d4 cxd4 3. c3 dxc3 4. Nxc3 Nc6 5. Nf3 d6 6. Bc4 e6 7. 0-0 Nf6 8. h3 Be7 9. Bf4 a6 10. Qe2 b5 11. Bb3 Bb7 12. Rfd1 Qc7 13. Rac1 e5 14. Bh2 0-0 15. Nd5 Qd8 16. Nxe7+ Qxe7 17. Qd3 Rad8 18. Nd2 Nd4 19. f3 Rc8 20. Kh1 Nd7 21. Bg1 Rxc1 22. Rxc1 Nc5 23. Qf1 Qg5 24. Bxd4 exd4 25. f4 Qg6 26. f5 Qg3 27. Qe2 Nd3 28. Rf1 Qe3 29. Qg4 Qxd2 30. Qg3 Bxe4 31. f6 g6 32. h4 Qe3 33. Qxd6 Qh3+ 34. Qh2 Bxg2+ 0-1

[Event "Mostoles 4th"]
[Site "Mostoles"]
[Date "2007.06.12"]
[Round "7.2"]
[White "Hernandez Fernandez, Enrique"]
[Black "Aguado Rodriguez, Guillermo"]
[Result "1-0"]
[WhiteElo "2049"]
[BlackElo "1866"]
[PlyCount "110"]
[EventDate "2007.05.16"]
[EventType "tourn"]
[EventRounds "13"]
[EventCountry "ESP"]
[SourceTitle "EXT 2024"]
[Source "ChessBase"]
[SourceDate "2023.10.10"]
[SourceVersion "1"]
[SourceVersionDate "2023.10.10"]
[SourceQuality "1"]

1. d4 Nf6 2. Nf3 g6 3. Bf4 Bg7 4. e3 0-0 5. Be2 d6 6. h3 Nbd7 7. Nbd2 c5 8. c3 b6 9. 0-0 Bb7 10. a4 Nd5 11. Bg3 e5 12. dxe5 Nxe5 13. a5 bxa5 14. Nxe5 dxe5 15. Nc4 Ba6 16. Nxe5 Bxe2 17. Qxe2 Bxe5 18. Bxe5 Qb6 19. Rfd1 Rad8 20. Qf3 Qe6 21. Bg3 Nb6 22. Rxa5 Qb3 23. Rxd8 Rxd8 24. Rxa7 Qd1+ 25. Qxd1 Rxd1+ 26. Kh2 Nc4 27. b3 Nd2 28. h4 Nf1+ 29. Kh3 Nxg3 30. Kxg3 Rd3 31. c4 Rxb3 32. Rc7 Kf8 33. Rxc5 Ke7 34. Rc7+ Ke6 35. Kf4 Rb2 36. Kf3 Rc2 37. g4 Kf6 38. g5+ Kg7 39. e4 Rc3+ 40. Kg4 h5+ 41. gxh6+ Kxh6 42. e5 Rc2 43. f4 Rc3 44. c5 Rc4 45. c6 Rc1 46. Rc8 Rg1+ 47. Kf3 Rf1+ 48. Ke3 Kh5 49. Rh8+ Kg4 50. c7 Rf3+ 51. Ke4 f5+ 52. Kd5 Rxf4 53. Kd6 Re4 54. c8Q g5 55. hxg5 Kxg5 1-0